| 000 | 02091cab a2200313 ab4500 | ||
|---|---|---|---|
| 005 | 20231010145554.0 | ||
| 008 | 991125c2014 ag fr p o 000 0 spa d | ||
| 035 | _aUPN01000217114 | ||
| 040 |
_aMX-MxUPN _bspa _cMX-MxUPN _eaacr2 |
||
| 049 | _aART-E | ||
| 100 | 1 | _aImhoff, Débora | |
| 100 | 1 | _udebimhoff@gmail.com | |
| 100 | 1 | _aPonce, Valeria | |
| 100 | 1 | _aGariglio, Cecilia | |
| 100 | 1 | _aDíaz, Bruno | |
| 100 | 1 | _aPilatti, Angelina | |
| 245 | 1 | 0 |
_aAnálisis de las propiedades psicométricas de la Escala de Actitudes Ambientales para ciudadanos cordobeses _h[recurso electrónico en línea] |
| 506 | 0 | _aAcceso abierto | |
| 520 | 3 | _aEn el actual contexto de crisis ambiental se instala la necesidad de discutir el modelo de sociedad, repensando el lugar del ciudadano en la construcción de un entorno sustentable. La Psicología Ambiental provee de marcos teóricos y herramientas metodológicas que permiten abordar, describir y explicar las relaciones que las personas y los grupos establecen con su entorno (Pol, Valera & Vidal, 1999). En el marco de este campo disciplinar, el presente trabajo apuntó a analizar los aspectos psicométricos de validez y consistencia interna de la Escala de Actitudes ecocéntricas y antropocéntricas, adaptada al español por González y Amérigo (1999). A tales fines, se trabajó con una muestra no aleatoria de 300 adultos de la ciudad de Córdoba, Argentina. Se llevó adelante un análisis factorial exploratorio y luego un análisis factorial confirmatorio, y se calculó el coeficiente Alfa de Cronbach. En función de los resultados obtenidos, se discute la utilidad de estas medidas en el contexto local. PD | |
| 650 | 2 |
_915638 _aPsicología ambiental |
|
| 653 | 0 | _aEscala de medición | |
| 653 | 0 | _aConfiabilidad | |
| 653 | 0 | _aValidez | |
| 773 |
_gVol. 11, no. 1 (2014), p. 61-68 _tPerspectivas en psicología : revista de psicología y ciencias afines _x1853-8800 |
||
| 856 | 4 | _uhttp://200.0.183.216/revista/index.php/pep/article/view/133 | |
| 902 | _bLeonor Sotres/101023 | ||
| 905 | _aArticulo | ||
| 942 | _cART-E | ||
| 999 |
_c189214 _d189214 |
||